Conquer the choas : how to grow a successful small business without going crazy

Bibliographic Details
Main Author: Mask, Clate
Other Authors: Martineau, Scott
Format: Book
Published: NJ : John Wiley & Sons, Inc , 2010
Subjects:

MARC

LEADER 00000cam a2200000 7i4500
001 0000034834
005 20121015.0
008 121015
020 |a 0470599327 
090 0 0 |a 651.3   |b MAS 
100 1 |a Mask, Clate 
245 1 0 |a Conquer the choas :   |b how to grow a successful small business without going crazy   |c Clate Mask & Scott Martineau 
260 |a NJ :   |b John Wiley & Sons, Inc ,   |c 2010 
650 0 |a Business communication 
650 0 |a Office management 
650 0 |a Organizational effectiveness 
700 1 |a Martineau, Scott 
999 |a 0001158977   |b Book   |c Adult Collection   |e Perbadanan Perpustakaan Awam Johor